[Event "Ambes op 3rd"]
[Site "Ambes"]
[Date "2010.04.24"]
[Round "1"]
[White "Boutant, Jade"]
[Black "Jourdain, Christian"]
[Result "1-0"]
[WhiteElo "1666"]
[BlackElo "1499"]
[PlyCount "47"]
[EventDate "2010.04.24"]
[EventType "swiss"]
[EventRounds "9"]
[EventCountry "FRA"]
[SourceTitle "EXT 2011"]
[Source "ChessBase"]
[SourceDate "2010.11.26"]
[SourceVersion "1"]
[SourceVersionDate "2010.11.26"]
[SourceQuality "1"]

1. c4 Nf6 2. g3 g6 3. Bg2 Bg7 4. d4 d6 5. Nc3 c6 6. e4 Qb6 7. Nge2 Nbd7 8. Rb1 0-0 9. 0-0 Qc7 10. b4 b6 11. a4 Rb8 12. Qb3 Re8 13. f4 e5 14. Rd1 Ng4 15. b5 c5 16. Nd5 Qd8 17. dxe5 dxe5 18. h3 Ngf6 19. f5 Nf8 20. g4 g5 21. Bxg5 N6d7 22. Ng3 h6 23. Bh4 Bb7 24. Nf6+ 1-0